[Event "Storsjodraget 2022"]
[Site "Ostersund"]
[Date "2022.06.10"]
[Round "2"]
[Board "4"]
[White "Palmblad, Jan Peter"]
[Black "Nygren, David"]
[Result "0-1"]
[WhiteElo "1956"]
[BlackElo "2182"]
[PlyCount "0"]
[EventDate "2022.06.10"]
[EventRounds "7"]
[EventCountry "SWE"]

1. e4 {[%clk 00:15:07]} {[%emt 00:00:05]} c5 {[%clk 00:15:07]} {[%emt
00:00:02]} 2. Nf3 {[%clk 00:15:10]} {[%emt 00:00:02]} Nc6 {[%clk 00:15:08]}
{[%emt 00:00:04]} 3. d4 {[%clk 00:15:13]} cxd4 {[%clk 00:15:11]} {[%emt
00:00:03]} 4. Nxd4 {[%clk 00:15:16]} {[%emt 00:00:02]} e5 {[%clk 00:15:11]}
{[%emt 00:00:04]} 5. Nb5 {[%clk 00:15:20]} {[%emt 00:00:03]} d6 {[%clk
00:15:11]} {[%emt 00:00:04]} 6. N1c3 {[%clk 00:15:15]} {[%emt 00:00:10]} a6
{[%clk 00:15:10]} {[%emt 00:00:05]} 7. Na3 {[%clk 00:15:18]} {[%emt 00:00:02]}
b5 {[%clk 00:15:09]} {[%emt 00:00:07]} 8. Nd5 {[%clk 00:15:16]} {[%emt
00:00:07]} Nge7 {[%clk 00:15:00]} {[%emt 00:00:14]} 9. Be3 {[%clk 00:12:46]}
{[%emt 00:02:34]} Nxd5 {[%clk 00:14:08]} {[%emt 00:00:58]} 10. exd5 {[%clk
00:12:14]} {[%emt 00:00:36]} Ne7 {[%clk 00:13:51]} {[%emt 00:00:22]} 11. c4
{[%clk 00:12:10]} {[%emt 00:00:09]} Nf5 {[%clk 00:13:27]} {[%emt 00:00:29]} 12.
cxb5 {[%clk 00:11:44]} {[%emt 00:00:31]} Nxe3 {[%clk 00:13:11]} {[%emt
00:00:21]} 13. fxe3 {[%clk 00:11:47]} {[%emt 00:00:02]} Qh4+ {[%clk 00:13:09]}
{[%emt 00:00:07]} 14. g3 {[%clk 00:11:22]} {[%emt 00:00:30]} Qe4 {[%clk
00:12:42]} {[%emt 00:00:32]} 15. Qc2 {[%clk 00:11:14]} {[%emt 00:00:13]} Qxe3+
{[%clk 00:12:25]} {[%emt 00:00:23]} 16. Be2 {[%clk 00:11:09]} {[%emt 00:00:09]}
Bd7 {[%clk 00:11:31]} {[%emt 00:00:59]} 17. bxa6 {[%clk 00:10:58]} {[%emt
00:00:17]} Be7 {[%clk 00:10:55]} {[%emt 00:00:41]} 18. Qd2 {[%clk 00:08:23]}
{[%emt 00:02:40]} Qe4 {[%clk 00:10:42]} {[%emt 00:00:18]} 19. O-O {[%clk
00:08:09]} {[%emt 00:00:19]} O-O {[%clk 00:10:11]} {[%emt 00:00:35]} 20. Rac1
{[%clk 00:06:52]} {[%emt 00:01:23]} Bd8 {[%clk 00:09:35]} {[%emt 00:00:40]} 21.
Nc4 {[%clk 00:06:00]} {[%emt 00:00:58]} Rxa6 {[%clk 00:09:07]} {[%emt
00:00:32]} 22. Bf3 {[%clk 00:05:49]} {[%emt 00:00:16]} Qg6 {[%clk 00:09:02]}
{[%emt 00:00:10]} 23. a3 {[%clk 00:04:59]} {[%emt 00:00:56]} Bg5 {[%clk
00:08:46]} {[%emt 00:00:20]} 24. Qe2 {[%clk 00:04:34]} {[%emt 00:00:31]} Bxc1
{[%clk 00:08:25]} {[%emt 00:00:26]} 25. Rxc1 {[%clk 00:04:37]} {[%emt
00:00:01]} Bb5 {[%clk 00:07:57]} {[%emt 00:00:34]} 26. Qd2 {[%clk 00:03:36]}
{[%emt 00:01:05]} f5 {[%clk 00:07:31]} {[%emt 00:00:31]} 27. Rc3 {[%clk
00:03:23]} {[%emt 00:00:18]} f4 {[%clk 00:07:20]} {[%emt 00:00:16]} 28. Be2
{[%clk 00:03:24]} {[%emt 00:00:04]} e4 {[%clk 00:06:44]} {[%emt 00:00:42]} 29.
Ne5 {[%clk 00:02:45]} {[%emt 00:00:44]} dxe5 {[%clk 00:06:17]} {[%emt
00:00:31]} 30. Bxb5 {[%clk 00:02:49]} {[%emt 00:00:02]} e3 {[%clk 00:06:14]}
{[%emt 00:00:08]} 31. Qe1 {[%clk 00:02:35]} {[%emt 00:00:19]} Raf6 {[%clk
00:05:41]} {[%emt 00:00:38]} 32. Rc1 {[%clk 00:02:11]} {[%emt 00:00:29]} Qg5
{[%clk 00:05:12]} {[%emt 00:00:33]} 33. Bc4 {[%clk 00:02:03]} {[%emt 00:00:13]}
f3 {[%clk 00:05:13]} {[%emt 00:00:04]} 34. d6+ {[%clk 00:02:07]} {[%emt
00:00:01]} Kh8 {[%clk 00:05:17]} 35. Kh1 {[%clk 00:02:05]} {[%emt 00:00:08]}
Rxd6 {[%clk 00:05:14]} {[%emt 00:00:08]} 36. Bf1 {[%clk 00:01:35]} {[%emt
00:00:35]} e2 {[%clk 00:05:02]} {[%emt 00:00:17]} 37. Rc2 {[%clk 00:01:16]}
{[%emt 00:00:23]} exf1=Q+ {[%clk 00:04:51]} {[%emt 00:00:16]} 38. Qxf1 {[%clk
00:01:19]} {[%emt 00:00:02]} Qe3 {[%emt 00:00:26]}  0-1

[Event "Storsjodraget 2022"]
[Site "Ostersund"]
[Date "2022.06.10"]
[Round "2"]
[Board "5"]
[White "Lind, Jan-Olov"]
[Black "Unander, Matts"]
[Result "1/2-1/2"]
[WhiteElo "2169"]
[BlackElo "2003"]
[PlyCount "0"]
[EventDate "2022.06.10"]
[EventRounds "7"]
[EventCountry "SWE"]

1. e4 {[%clk 00:15:05]} {[%emt 00:00:04]} e5 {[%clk 00:15:08]} {[%emt
00:00:02]} 2. Nf3 {[%clk 00:15:04]} {[%emt 00:00:05]} d6 {[%clk 00:15:11]}
{[%emt 00:00:03]} 3. d4 {[%clk 00:15:04]} {[%emt 00:00:05]} exd4 {[%clk
00:15:14]} {[%emt 00:00:03]} 4. Nxd4 {[%clk 00:15:04]} {[%emt 00:00:04]} Nf6
{[%clk 00:15:17]} {[%emt 00:00:03]} 5. Nc3 {[%clk 00:15:08]} Be7 {[%clk
00:15:20]} {[%emt 00:00:03]} 6. Be2 {[%clk 00:13:46]} {[%emt 00:01:26]} O-O
{[%clk 00:15:21]} {[%emt 00:00:05]} 7. O-O {[%clk 00:13:48]} {[%emt 00:00:02]}
Re8 {[%clk 00:15:24]} {[%emt 00:00:03]} 8. Kh1 {[%clk 00:13:40]} {[%emt
00:00:12]} Bf8 {[%clk 00:15:21]} {[%emt 00:00:08]} 9. Bg5 {[%clk 00:13:03]}
{[%emt 00:00:42]} h6 {[%clk 00:14:37]} {[%emt 00:00:49]} 10. Bxf6 {[%clk
00:12:52]} {[%emt 00:00:16]} Qxf6 {[%clk 00:14:41]} {[%emt 00:00:02]} 11. Nd5
{[%clk 00:12:51]} {[%emt 00:00:05]} Qd8 {[%clk 00:14:41]} {[%emt 00:00:04]} 12.
f3 {[%clk 00:12:38]} {[%emt 00:00:18]} c6 {[%clk 00:14:36]} {[%emt 00:00:11]}
13. Nf4 {[%clk 00:12:10]} {[%emt 00:00:32]} Qg5 {[%clk 00:13:09]} {[%emt
00:01:33]} 14. Nd3 {[%clk 00:12:06]} {[%emt 00:00:09]} Nd7 {[%clk 00:12:53]}
{[%emt 00:00:21]} 15. c3 {[%clk 00:11:31]} {[%emt 00:00:40]} Nc5 {[%clk
00:12:20]} {[%emt 00:00:38]} 16. Nxc5 {[%clk 00:11:00]} {[%emt 00:00:36]} dxc5
{[%clk 00:11:53]} {[%emt 00:00:33]} 17. Nb3 {[%clk 00:09:33]} {[%emt 00:01:31]}
Rd8 {[%clk 00:11:04]} {[%emt 00:00:54]} 18. Qe1 {[%clk 00:09:30]} {[%emt
00:00:07]} Bd6 {[%clk 00:10:51]} {[%emt 00:00:18]} 19. Qf2 {[%clk 00:08:28]}
{[%emt 00:01:07]} Qe5 {[%clk 00:09:36]} {[%emt 00:01:22]} 20. Qh4 {[%clk
00:07:33]} {[%emt 00:00:58]} Be6 {[%clk 00:08:52]} {[%emt 00:00:50]} 21. Rae1
{[%clk 00:07:14]} {[%emt 00:00:23]} g5 {[%clk 00:07:31]} {[%emt 00:01:26]} 22.
Qxh6 {[%clk 00:05:47]} {[%emt 00:01:33]} f6 {[%clk 00:05:29]} {[%emt 00:02:07]}
23. Qg6+ {[%clk 00:03:51]} {[%emt 00:02:00]} Kf8 {[%clk 00:05:33]} {[%emt
00:00:02]} 24. g3 {[%clk 00:03:44]} {[%emt 00:00:11]} Bf7 {[%clk 00:04:06]}
{[%emt 00:01:32]} 25. Qf5 {[%clk 00:02:40]} {[%emt 00:01:10]} Qe7 {[%clk
00:03:46]} {[%emt 00:00:26]} 26. f4 {[%clk 00:02:38]} {[%emt 00:00:06]} Be6
{[%clk 00:03:11]} {[%emt 00:00:40]} 27. Qg6 {[%clk 00:02:42]} {[%emt 00:00:01]}
gxf4 {[%clk 00:02:16]} {[%emt 00:01:01]} 28. gxf4 {[%clk 00:02:42]} {[%emt
00:00:04]} Qg7 {[%clk 00:01:42]} {[%emt 00:00:39]} 29. Qxg7+ {[%clk 00:02:38]}
{[%emt 00:00:09]} Kxg7 {[%clk 00:01:46]} {[%emt 00:00:01]} 30. Rg1+ {[%clk
00:02:23]} {[%emt 00:00:20]} Kf7 {[%clk 00:01:50]} {[%emt 00:00:02]} 31. Bh5+
{[%clk 00:02:24]} {[%emt 00:00:03]} Ke7 {[%clk 00:01:54]} {[%emt 00:00:02]} 32.
Rg7+ {[%clk 00:02:18]} {[%emt 00:00:10]} Kf8 {[%clk 00:01:58]} {[%emt
00:00:01]} 33. Rxb7 {[%clk 00:02:09]} {[%emt 00:00:14]} Bxf4 {[%clk 00:01:59]}
{[%emt 00:00:04]} 34. Nxc5 {[%clk 00:02:05]} {[%emt 00:00:09]} Bh3 {[%clk
00:01:51]} {[%emt 00:00:13]} 35. Rf7+ {[%clk 00:01:39]} {[%emt 00:00:32]} Kg8
{[%clk 00:01:46]} {[%emt 00:00:10]} 36. Rg1+ {[%clk 00:01:37]} {[%emt
00:00:05]} Kh8 {[%clk 00:01:17]} {[%emt 00:00:35]} 37. Rxf6 {[%clk 00:01:27]}
{[%emt 00:00:15]} Rf8 {[%clk 00:01:03]} {[%emt 00:00:19]} 38. Rxf8+ {[%clk
00:01:10]} {[%emt 00:00:22]} Rxf8 {[%clk 00:01:08]} 39. Re1 {[%clk 00:00:30]}
{[%emt 00:00:45]} Be3 {[%clk 00:01:07]} {[%emt 00:00:03]} 40. Nd3 {[%clk
00:00:27]} {[%emt 00:00:10]} Bb6 {[%clk 00:01:05]} {[%emt 00:00:09]} 41. c4
{[%clk 00:00:28]} {[%emt 00:00:04]} Rg8 {[%clk 00:00:53]} {[%emt 00:00:16]} 42.
Bf3 {[%clk 00:00:30]} {[%emt 00:00:03]} Rf8 {[%clk 00:00:57]} {[%emt 00:00:02]}
43. Bg2 {[%clk 00:00:32]} {[%emt 00:00:02]} Be6 {[%clk 00:00:54]} {[%emt
00:00:08]} 44. c5 {[%clk 00:00:35]} {[%emt 00:00:02]} Bc7 {[%clk 00:00:58]}
{[%emt 00:00:02]} 45. b3 {[%clk 00:00:36]} {[%emt 00:00:03]} Rd8 {[%emt
00:00:11]} 46. Nf2 {[%clk 00:00:31]} Rd2 {[%clk 00:01:03]} {[%emt 00:00:03]} 47.
Rf1 {[%clk 00:00:29]} {[%emt 00:00:07]} Rxa2 {[%clk 00:00:59]} {[%emt
00:00:09]} 48. h3 {[%clk 00:00:24]} {[%emt 00:00:10]} Bxb3 {[%clk 00:00:56]}
{[%emt 00:00:08]} 49. Ng4 {[%clk 00:00:27]} {[%emt 00:00:02]} Rc2 {[%clk
00:00:52]} {[%emt 00:00:10]} 50. h4 {[%clk 00:00:30]} {[%emt 00:00:02]} Rxc5
{[%clk 00:00:54]} {[%emt 00:00:02]} 51. Rf8+ {[%clk 00:00:34]} Kg7 {[%clk
00:00:56]} {[%emt 00:00:03]} 52. Rc8 {[%clk 00:00:37]} {[%emt 00:00:02]} Rc1+
{[%clk 00:00:59]} {[%emt 00:00:02]} 53. Bf1 {[%clk 00:00:41]} {[%emt 00:00:02]}
Rxf1+ {[%emt 00:00:02]} 54. Kg2 Rg1+ {[%clk 00:00:59]} {[%emt 00:00:02]} 55.
Kxg1 {[%clk 00:00:43]} {[%emt 00:00:02]} Bb6+ {[%clk 00:00:59]} {[%emt
00:00:06]} 56. Kg2 {[%clk 00:00:46]} {[%emt 00:00:01]} Be6 {[%clk 00:01:03]}
{[%emt 00:00:01]} 57. Rxc6 {[%clk 00:00:39]} {[%emt 00:00:13]} Bxg4 {[%clk
00:01:07]} {[%emt 00:00:01]} 58. e5 {[%clk 00:00:39]} {[%emt 00:00:04]} Kf7
{[%clk 00:01:10]} {[%emt 00:00:02]} 59. Kg3 {[%clk 00:00:43]} {[%emt 00:00:01]}
Be6 {[%clk 00:01:13]} {[%emt 00:00:02]} 60. h5 {[%clk 00:00:45]} {[%emt
00:00:03]} Bd5 {[%clk 00:01:17]} {[%emt 00:00:01]} 61. Rd6 {[%clk 00:00:47]}
{[%emt 00:00:02]} Be4 {[%clk 00:01:21]} {[%emt 00:00:02]} 62. h6 {[%clk
00:00:49]} {[%emt 00:00:03]} Be3 {[%clk 00:01:23]} {[%emt 00:00:03]} 63. h7
{[%clk 00:00:48]} {[%emt 00:00:06]} Bxh7 {[%clk 00:01:27]} {[%emt 00:00:02]} 64.
Rd7+ {[%clk 00:00:52]} Kg8 {[%clk 00:01:30]} {[%emt 00:00:02]} 65. e6 {[%clk
00:00:53]} {[%emt 00:00:03]} Bg6 {[%clk 00:01:34]} {[%emt 00:00:02]} 66. Kf3
{[%clk 00:00:56]} {[%emt 00:00:02]} Bc5 {[%clk 00:01:38]} {[%emt 00:00:02]} 67.
Kf4 {[%clk 00:00:59]} {[%emt 00:00:01]} a5 {[%clk 00:01:41]} {[%emt 00:00:02]}
68. Rd5 {[%clk 00:01:00]} {[%emt 00:00:04]} Bb4 {[%clk 00:01:45]} 69. Kg5
{[%clk 00:01:02]} {[%emt 00:00:02]} Be8 {[%clk 00:01:47]} {[%emt 00:00:03]} 70.
Rd1 {[%clk 00:00:59]} {[%emt 00:00:09]} Kf8 {[%clk 00:01:48]} {[%emt 00:00:05]}
71. Kf6 {[%clk 00:01:01]} {[%emt 00:00:03]} Bc3+ {[%clk 00:01:52]} 72. Kf5
{[%clk 00:01:04]} {[%emt 00:00:02]} Ke7 {[%clk 00:01:56]} 73. Rc1 {[%clk
00:01:07]} {[%emt 00:00:02]} Bb4 {[%clk 00:01:41]} {[%emt 00:00:20]} 74. Rc7+
{[%clk 00:01:07]} {[%emt 00:00:05]} Kd6 {[%clk 00:01:36]} {[%emt 00:00:10]} 75.
Ra7 {[%clk 00:01:08]} {[%emt 00:00:03]} a4 {[%clk 00:01:40]} {[%emt 00:00:02]}
76. Ra6+ {[%clk 00:01:10]} {[%emt 00:00:03]} Ke7 {[%clk 00:01:40]} {[%emt
00:00:06]} 77. Ra7+ {[%clk 00:01:14]} {[%emt 00:00:01]} Kd6 {[%clk 00:01:24]}
{[%emt 00:00:21]} 78. Ra6+ {[%clk 00:01:18]} {[%emt 00:00:01]} Ke7 {[%clk
00:01:27]} {[%emt 00:00:01]} 79. Ke4 {[%emt 00:00:04]}  1/2-1/2

[Event "Storsjodraget 2022"]
[Site "Ostersund"]
[Date "2022.06.10"]
[Round "3"]
[Board "11"]
[White "Olofsson, Henrik"]
[Black "Sandstad, Linus"]
[Result "0-1"]
[WhiteElo "1965"]
[BlackElo "1642"]
[PlyCount "0"]
[EventDate "2022.06.10"]
[EventRounds "7"]
[EventCountry "SWE"]

1. d4 {[%clk 00:14:21]} {[%emt 00:00:48]} f5 {[%clk 00:15:09]} 2. e4 {[%clk
00:13:56]} {[%emt 00:00:30]} fxe4 {[%clk 00:15:11]} {[%emt 00:00:03]} 3. f3
{[%clk 00:13:59]} {[%emt 00:00:02]} exf3 {[%clk 00:15:07]} {[%emt 00:00:09]} 4.
Nxf3 {[%clk 00:14:02]} {[%emt 00:00:03]} Nf6 {[%clk 00:15:01]} {[%emt
00:00:11]} 5. Bd3 {[%clk 00:14:04]} {[%emt 00:00:03]} d5 {[%clk 00:14:16]}
{[%emt 00:00:49]} 6. O-O {[%clk 00:13:45]} {[%emt 00:00:23]} g6 {[%clk
00:13:39]} {[%emt 00:00:43]} 7. Ng5 {[%clk 00:12:02]} {[%emt 00:01:48]} Bg7
{[%clk 00:11:58]} {[%emt 00:01:46]} 8. Nxh7 {[%clk 00:11:49]} {[%emt 00:00:18]}
Nxh7 {[%clk 00:11:06]} {[%emt 00:00:56]} 9. Bxg6+ {[%clk 00:11:48]} {[%emt
00:00:06]} Kd7 {[%clk 00:11:11]} 10. Bxh7 {[%clk 00:06:28]} {[%emt 00:05:27]}
Rxh7 {[%clk 00:11:12]} {[%emt 00:00:03]} 11. Qg4+ {[%clk 00:06:29]} {[%emt
00:00:04]} Kc6 {[%clk 00:07:01]} {[%emt 00:04:16]} 12. Qg6+ {[%clk 00:06:30]}
{[%emt 00:00:04]} Qd6 {[%clk 00:06:58]} {[%emt 00:00:08]} 13. Qxh7 {[%clk
00:06:29]} {[%emt 00:00:05]} Bxd4+ {[%clk 00:07:00]} {[%emt 00:00:04]} 14. Kh1
{[%clk 00:06:32]} {[%emt 00:00:02]} Bd7 {[%clk 00:06:30]} {[%emt 00:00:36]} 15.
Qd3 {[%clk 00:05:26]} {[%emt 00:01:11]} Bc5 {[%clk 00:05:59]} {[%emt 00:00:36]}
16. Nc3 {[%clk 00:04:46]} {[%emt 00:00:44]} b6 {[%clk 00:05:53]} {[%emt
00:00:12]} 17. Bf4 {[%clk 00:04:32]} {[%emt 00:00:19]} e5 {[%clk 00:05:41]}
{[%emt 00:00:16]} 18. Bg5 {[%clk 00:03:30]} {[%emt 00:01:07]} e4 {[%clk
00:04:46]} {[%emt 00:01:00]} 19. Nxe4 {[%clk 00:03:27]} {[%emt 00:00:08]} dxe4
{[%clk 00:04:32]} {[%emt 00:00:18]} 20. Qxe4+ {[%clk 00:03:28]} {[%emt
00:00:05]} Qd5 {[%clk 00:03:53]} {[%emt 00:00:44]} 21. Qg6+ {[%clk 00:03:06]}
{[%emt 00:00:27]} Kb7 {[%clk 00:03:40]} {[%emt 00:00:18]} 22. Rad1 {[%clk
00:02:51]} {[%emt 00:00:20]} Qc6 {[%clk 00:03:24]} {[%emt 00:00:21]} 23. Rf6
{[%clk 00:02:41]} {[%emt 00:00:15]} Bd6 {[%clk 00:02:39]} {[%emt 00:00:50]} 24.
h4 {[%clk 00:02:02]} {[%emt 00:00:44]} Bh3 {[%clk 00:01:55]} {[%emt 00:00:50]}
25. Bf4 {[%clk 00:01:45]} {[%emt 00:00:22]} Nd7 {[%clk 00:01:47]} {[%emt
00:00:12]} 26. Rf7 {[%clk 00:01:02]} {[%emt 00:00:47]} Bxf4 {[%clk 00:01:10]}
{[%emt 00:00:43]} 27. Qxc6+ {[%clk 00:01:04]} {[%emt 00:00:04]} Kxc6 {[%clk
00:01:08]} {[%emt 00:00:06]} 28. gxh3 {[%clk 00:00:49]} {[%emt 00:00:19]} Bd6
{[%clk 00:01:01]} {[%emt 00:00:12]} 29. Rd4 {[%clk 00:00:35]} {[%emt 00:00:20]}
Re8 {[%clk 00:00:26]} {[%emt 00:00:40]} 30. h5 {[%clk 00:00:29]} {[%emt
00:00:11]} Re1+ {[%clk 00:00:24]} {[%emt 00:00:07]} 31. Kg2 {[%clk 00:00:33]}
Re2+ {[%clk 00:00:20]} {[%emt 00:00:09]} 32. Kf1 {[%clk 00:00:33]} {[%emt
00:00:05]} Rh2 {[%clk 00:00:19]} {[%emt 00:00:06]} 33. h4 {[%clk 00:00:36]}
{[%emt 00:00:03]} Ne5 {[%clk 00:00:19]} {[%emt 00:00:05]} 34. Rf6 {[%clk
00:00:34]} {[%emt 00:00:06]} Kd7 {[%clk 00:00:16]} {[%emt 00:00:09]} 35. h6
{[%clk 00:00:35]} {[%emt 00:00:04]} Ke7 {[%clk 00:00:18]} {[%emt 00:00:02]} 36.
Rf5 {[%clk 00:00:36]} {[%emt 00:00:04]} Ke6 {[%clk 00:00:21]} {[%emt 00:00:02]}
37. Rf2 {[%clk 00:00:37]} {[%emt 00:00:04]} Rxf2+ {[%clk 00:00:23]} {[%emt
00:00:04]} 38. Kxf2 {[%clk 00:00:40]} {[%emt 00:00:01]} Bc5 {[%clk 00:00:27]}
39. c3 {[%clk 00:00:40]} {[%emt 00:00:05]} Bxd4+ {[%clk 00:00:30]} {[%emt
00:00:02]} 40. cxd4 {[%emt 00:00:02]} Ng4+ {[%clk 00:00:34]} 41. Kg3 {[%clk
00:00:48]} {[%emt 00:00:01]} Nxh6 {[%emt 00:00:02]} 42. Kf4 Nf5 {[%clk
00:00:40]} {[%emt 00:00:03]} 43. Kg5 {[%clk 00:00:52]} {[%emt 00:00:05]} Nxd4
{[%clk 00:00:42]} {[%emt 00:00:03]} 44. h5 {[%clk 00:00:56]} {[%emt 00:00:02]}
Nf5 {[%clk 00:00:46]} 45. h6 {[%clk 00:01:00]} Nxh6 {[%clk 00:00:50]} {[%emt
00:00:01]} 46. Kxh6 {[%clk 00:01:04]} Kd5 {[%clk 00:00:53]} {[%emt 00:00:02]}
47. Kg6 {[%clk 00:01:08]} c5 {[%clk 00:00:50]} {[%emt 00:00:08]} 48. Kf5 {[%clk
00:01:07]} {[%emt 00:00:02]} b5 {[%clk 00:00:54]} {[%emt 00:00:05]} 49. Kf4
{[%clk 00:01:11]} {[%emt 00:00:02]} Kd4 {[%clk 00:00:58]} {[%emt 00:00:01]} 50.
Kf3 {[%clk 00:01:15]} Kd3 {[%clk 00:01:02]} {[%emt 00:00:01]} 51. Kf4 {[%clk
00:01:17]} {[%emt 00:00:02]} c4 {[%emt 00:00:03]} 52. Ke4+ {[%emt 00:00:05]}
0-1

[Event "Storsjodraget 2022"]
[Site "Ostersund"]
[Date "2022.06.10"]
[Round "1"]
[Board "1"]
[White "Larkin, Vladyslav"]
[Black "Stromhaug, Kristoffer Wang"]
[Result "1-0"]
[WhiteElo "2430"]
[BlackElo "1828"]
[PlyCount "0"]
[EventDate "2022.06.10"]
[EventRounds "7"]
[EventCountry "SWE"]

1. c4 {[%clk 00:15:07]} {[%emt 00:00:03]} c6 {[%clk 00:15:08]} {[%emt
00:00:02]} 2. Nf3 {[%clk 00:15:04]} {[%emt 00:00:08]} Nf6 {[%clk 00:14:59]}
{[%emt 00:00:13]} 3. Nc3 {[%clk 00:15:05]} {[%emt 00:00:04]} d5 {[%clk
00:14:51]} {[%emt 00:00:14]} 4. e3 {[%clk 00:15:09]} {[%emt 00:00:01]} e6
{[%clk 00:13:56]} {[%emt 00:00:59]} 5. b3 {[%clk 00:15:12]} {[%emt 00:00:02]}
Be7 {[%clk 00:13:38]} {[%emt 00:00:24]} 6. Bb2 {[%clk 00:15:15]} {[%emt
00:00:02]} O-O {[%clk 00:13:41]} {[%emt 00:00:02]} 7. Qc2 {[%clk 00:15:15]}
{[%emt 00:00:05]} c5 {[%clk 00:12:37]} {[%emt 00:01:09]} 8. d4 {[%clk
00:13:12]} {[%emt 00:02:07]} Nc6 {[%clk 00:12:14]} {[%emt 00:00:29]} 9. dxc5
{[%clk 00:13:04]} {[%emt 00:00:13]} Bxc5 {[%clk 00:10:45]} {[%emt 00:01:34]} 10.
a3 {[%clk 00:13:07]} {[%emt 00:00:01]} Qe7 {[%clk 00:05:04]} {[%emt 00:05:47]}
11. b4 {[%clk 00:12:50]} {[%emt 00:00:22]} Bd6 {[%clk 00:03:56]} {[%emt
00:01:14]} 12. Nb5 {[%clk 00:12:08]} {[%emt 00:00:46]} Bb8 {[%clk 00:02:58]}
{[%emt 00:01:03]} 13. cxd5 {[%clk 00:12:11]} {[%emt 00:00:02]} Nxd5 {[%clk
00:02:36]} {[%emt 00:00:26]} 14. Bd3 {[%clk 00:12:15]} {[%emt 00:00:02]} f5
{[%clk 00:01:58]} {[%emt 00:00:43]} 15. Nc3 {[%clk 00:11:47]} {[%emt 00:00:33]}
a6 {[%clk 00:01:24]} {[%emt 00:00:39]} 16. Rd1 {[%clk 00:11:21]} {[%emt
00:00:31]} Nxc3 {[%clk 00:01:01]} {[%emt 00:00:28]} 17. Qxc3 {[%clk 00:11:20]}
{[%emt 00:00:05]} Re8 {[%clk 00:00:32]} {[%emt 00:00:34]} 18. h4 {[%clk
00:11:21]} {[%emt 00:00:05]} e5 {[%clk 00:00:33]} {[%emt 00:00:04]} 19. Ng5
{[%clk 00:11:17]} {[%emt 00:00:09]} h6 {[%clk 00:00:07]} {[%emt 00:00:31]} 20.
Bc4+ {[%clk 00:10:47]} {[%emt 00:00:35]}  1-0